000 00341 a2200169 4500
001 162168
020 _a
040 _cMagnum
100 _aMurray, Roseana Kligerman
240 1 0 _aRetratos
_lpor
245 1 0 _aRetratos
300 _a12
362 0 _a1995
440 1 _aMiguilim
697 _aLITERATURA INFANTO-JUVENIL
942 _cBK
999 _c162168
_d162168